Devinez le parcours de ces joueurs de foot N°13 - Statistiques

Statistiques générales
  • Ce quiz a été pris 1 494 fois
  • Le résultat moyen est 6 sur 10
Statistiques - réponses
Par images Réponse % Correct
Totti
92%
Ramos
89%
Gerrard
87%
Ronaldo
78%
Muller
68%
Mandzukic
62%
Abraham
54%
Desailly
50%
Romario
33%
Belanov
5%
Aucun quiz correspondant
Distribution des résultats
% des personnes avec chaque résultat
Percentile par nombre de réponses
Votre historique - résultats
Vous n’avez pas pris ce quiz